1558 1421 1412 1223 1942 1508 1861 1011 1985 1299 1817 1264 1080 1513 1315 1830 1936 1718 1900 1556 1123 1729 1468 1100 1313 1818 1794 1862 1951 1381 1213 1139 1463 1497 1799 1204 1116 1905 1673 1036 1405 1116 1938 1073 1352 1154 1667 1714 1150 1492 1263 1870 1629 1964 1780 1289 1855 1385 1382 1680 1914 1299 1127 1711 1224 1225 1899 1867 1870 1831 1831 1835 1524 1477 1678 1641 1992 1173 1954 1395 1086 1666 1716 1513 1362 1233 1463 1878 1287 1894 1513 1557 1475 1623 1613 1608 1639 1685 1806 BCNSPRNW ULIB Ver.6.0+V

เปลี่ยนเป็นภาษาไทย

Change to English
 แสดงรายละเอียดบรรณานุกรม
  กลับหน้าหลัก

Brief Record : Get Marc (ISO 2709) : E-mail record : QR code < ปิดหน้าต่าง
LEADER : 00000nam 2200000uu 4500
001    13399128026
003     ULIB
008    211223s2559||||th 000 0 tha d
020 ^- ^a9786160618675 (ชุด)
050 ^- ^aนว.^bซ696อ^cล.2
100 1^ aซู, โม่.
245 10 ^aอวลกลิ่นละอองรัก ล.2 /ซูโม่ เขียน ; อวี้ แปล.
250 ^- ^aพิมพ์ครั้งที่ 1.
260 ^- ^aกรุงเทพฯ :แจ่มใส,2559
300 ^- ^a2 เล่ม.
490 1^ aมากกว่ารัก
500 ^- ^aแปลจาก: Chen xiang ru xie.
653 ^- ^aจีนศึกษา
700 0^ aอวี้.
945    ^p619^l0^i008624
999    ^aประนอม เกษจรัล
รายการนี้ยังไม่มีแท็ก
คุณยังไม่ได้ล็อกอิน คุณสามารถมีกิจกรรมร่วมกับเว็บไซต์ได้ แต่ต้องล็อกอินก่อน ::
  ล็อกอิน

รายการสื่อสารสนเทศ

ลำดับที่ ประเภท เลขเรียก/บาร์โค้ด สถานที่ สถานะ
1. นวนิยาย
นวนิยาย
นว. ซ696อ ล.2 ฉ.1 
  Barcode: 008624
ห้องสมุดวิทยาเขตสวรรค์ประชารักษ์
►หนังสือทั่วไป
บนชั้น

BibComment


ยังไม่เคยถูกคอมเมนท์

คอมเมนท์ทรัพยากรรายการนี้
  คอมเมนท์: อวลกลิ่นละอองรัก..


 Copyright 2026. Bcnsprnw @Library